Prime Ministers of Bangladesh Quiz - Statistics

General Stats
  • This quiz has been taken 75 times
  • The average score is 5 of 11
Answer Stats
Years Prime Minister % Correct
2009-,1996-2001 Sheikh Hasina
98%
2001-2006,1991-1996 Khaleda Zia
79%
1972-1975 Sheikh Mujibur Rahman
70%
1978-1979 Mashiur Rahman
46%
1979-1982 Shah Azizur Rahman
46%
1971-1972 Tajuddin Ahmad
43%
1989-1990 Kazi Zafar Ahmed
29%
1988-1989 Moudud Ahmed
29%
1984-1986 Ataur Rahman Khan
21%
1975 Muhammad Mansur Ali
18%
1986-1988 Mizanur Rahman Chowdhury
16%
No matching quizzes found
Score Distribution
Percent of People with Each Score
Percentile by Number Answered
Your Score History
You have not taken this quiz